000 00446nam a2200169Ia 4500
003 GCL
008 140319s9999 xx 000 0 eng d
040 _aGCL /
_cGCL
082 0 4 _a612.82
_bT B
100 1 _aTHOMPSON, RICHARD F
245 1 0 _aTHE BRAIN: ANEUROSCIENCE PRIMER /
_cTHOMPSON, RICHARD F
260 _a[S.N] :
_bW. H.FREEMAN AND COMPANY ،
_c1993
300 _a475
650 0 4 _aNEURO-SCIENCES
650 0 4 _aBRAIN
942 _2ddc
_cBK
999 _c24027
_d24027